Sports Quiz

Random Sports Quiz

Runner-up to Bobby Unser Quiz Stats

 Plays Quiz not verified by Sporcle

Challenge
Share
Tweet
Embed
Score 0/35 Timer 10:00
0 Plays Today
Race Driver % Correct
Stardust 150Mario Andretti
100%
Trenton 150Mario Andretti
100%
Langhorne 150Al Unser
100%
Marlboro 300 @ TrentonMario Andretti
100%
Jimmy Bryan 150Mario Andretti
100%
California 500Al Unser
100%
Michigan 200Al Unser
100%
Trenton Twin Indy #1Al Unser
100%
Indianapolis 500Mario Andretti
100%
Indianapolis 500Johnny Rutherford
95.7%
California 500Johnny Rutherford
95.7%
Kent Oil 150 @ Watkins GlenRick Mears
95.7%
California 500Rick Mears
95.7%
Gould Rex Mays ClassicJohnny Rutherford
95.7%
True Value 500 @ PoconoJohnny Rutherford
95.7%
Kent Oil 150 @ Watkins GlenRick Mears
95.7%
California 500Johnny Rutherford
95.7%
Tony Bettenhausen 200A.J. Foyt
91.3%
Race Driver % Correct
Trentonian 200Gordon Johncock
87%
Trenton 300 Heat 2Gordon Johncock
87%
Norton Twin 125 #2Tom Sneva
78.3%
Gould Grand Prix @ MichiganTom Sneva
78.3%
Indianapolis 500Dan Gurney
69.6%
Rex Mays ClassicMark Donohue
69.6%
Trenton 300Mark Donohue
69.6%
Jimmy Bryan 150Pancho Carter
69.6%
Mosport Heat 1Roger McCluskey
65.2%
Mosport Heat 2Roger McCluskey
65.2%
Rex Mays ClassicRoger McCluskey
65.2%
Trenton Twin Indy #2Wally Dallenbach
65.2%
Best Western 150 @ PhoenixMike Mosley
60.9%
Jimmy Bryan MemorialLloyd Ruby
56.5%
Langhorne 150Art Pollard
39.1%
Pikes Peak Hill ClimbWes Vandervoort
30.4%
Pikes Peak Hill ClimbTed Foltz
30.4%

You're not logged in!

Compare scores with friends on all Sporcle quizzes.
Join for Free
OR
Log In

You Might Also Like...

Show Comments

Extras

Top Quizzes Today


Score Distribution

Your Account Isn't Verified!

In order to create a playlist on Sporcle, you need to verify the email address you used during registration. Go to your Sporcle Settings to finish the process.

Report this User

Report this user for behavior that violates our Community Guidelines.

Details: